The curse of the bloated toad. (Запис № 485940)

МАРК-запис
000 -LEADER
fixed length control field 01178cam a2200265 a 4500
001 - CONTROL NUMBER
control field curseofbloatedto00rohn
003 - CONTROL NUMBER IDENTIFIER
control field CaSfIA
005 - DATE AND TIME OF LATEST TRANSACTION
control field 20210118000658.0
007 - PHYSICAL DESCRIPTION FIXED FIELD--GENERAL INFORMATION
fixed length control field cr||||
008 - FIXED-LENGTH DATA ELEMENTS--GENERAL INFORMATION
fixed length control field 010118s1988 xxu | 000 ||eng|d
020 ## - INTERNATIONAL STANDARD BOOK NUMBER
International Standard Book Number 0930193369
035 ## - SYSTEM CONTROL NUMBER
System control number (UK-BiTAL)fdee10e0df8143e38d7b218f88fc3f98
035 ## - SYSTEM CONTROL NUMBER
System control number ()0930193369
040 ## - CATALOGING SOURCE
Original cataloging agency GW
Transcribing agency GW
Modifying agency UK-BiTAL
-- BIBLIOS
-- CaSfIA
100 1# - MAIN ENTRY--PERSONAL NAME
Personal name Rohn, Jim.
245 04 - TITLE STATEMENT
Title The curse of the bloated toad.
Medium [electronic resource]
260 ## - PUBLICATION, DISTRIBUTION, ETC. (IMPRINT)
Place of publication, distribution, etc Westlake Village :
Name of publisher, distributor, etc Fantagraphics Books,
Date of publication, distribution, etc 1988.
300 ## - PHYSICAL DESCRIPTION
Extent 87p. :
Other physical details chiefly ill.
440 #4 - SERIES STATEMENT/ADDED ENTRY--TITLE
Title The Holo brothers
506 ## - RESTRICTIONS ON ACCESS NOTE
Standardized terminology for access restriction Необхідна авторизація на https://archive.org/ (створення облікового запису безкоштовно)
506 ## - RESTRICTIONS ON ACCESS NOTE
Standardized terminology for access restriction Необхідна авторизація на https://openlibrary.org/ (створення облікового запису безкоштовно)
856 41 - ELECTRONIC LOCATION AND ACCESS
Uniform Resource Identifier <a href="http://www.archive.org/details/curseofbloatedto00rohn">http://www.archive.org/details/curseofbloatedto00rohn</a>
Public note Free eBook from the Internet Archive
856 42 - ELECTRONIC LOCATION AND ACCESS
Uniform Resource Identifier <a href="http://www.openlibrary.org/books/OL24404337M">http://www.openlibrary.org/books/OL24404337M</a>
Public note Additional information and access via Open Library
942 ## - ADDED ENTRY ELEMENTS (KOHA)
Koha item type ЕКнига

Немає доступних примірників.